000 00689nam a22001937a 4500
005 20130501113953.0
010 _aENG-106930
020 _a9788177082913
_c985.00
035 _aEN-90463
037 _bDBAD/PUB
082 _a337.15
100 _aVon Feigenblatt, Otto F.
245 _aThe Association of Southeast Asian Nations (ASEAN) :
_cby Otto F. Von Feigenblatt
_bconflict and development /
260 _aNew Delhi
_bNew Century Publications
_c2012
270 _a4800/24, Bharat Ram Road, Ansari Road, Darya Ganj
_bNew Delhi
_e110002
300 _axv,376p.
_c23cm(Hb)
500 _aIncludes bibliographical references and index
942 _2ddc
_cEN
_h337.15
_mVON
999 _c74908
_d74908